000
00208nam a2200085Ia 4500
008
120527s9999 xx 000 0 und d
100
_a
WORMS,Gerrad.
245
_a
Modern methods of applied-economic
942
_c
BK
999
_c
24210
_d
24210